Mấy vấn đề về văn hóa làng xã Việt Nam trong lịch sử

সংরক্ষণ করুন:
গ্রন্থ-পঞ্জীর বিবরন
প্রধান লেখক: Phan, Đại Doãn
বিন্যাস: গ্রন্থ
ভাষা:Undetermined
প্রকাশিত: Hà Nội Chính trị Quốc gia 2004
বিষয়গুলি:
ট্যাগগুলো: ট্যাগ যুক্ত করুন
কোনো ট্যাগ নেই, প্রথমজন হিসাবে ট্যাগ করুন!
Thư viện lưu trữ: Trung tâm Học liệu Trường Đại học Cần Thơ
LEADER 00609nam a2200205Ia 4500
001 CTU_90828
008 210402s9999 xx 000 0 und d
020 |c 22000 
082 |a 959.7 
082 |b D406 
100 |a Phan, Đại Doãn 
245 0 |a Mấy vấn đề về văn hóa làng xã Việt Nam trong lịch sử 
245 0 |c Phan Đại Doãn 
260 |a Hà Nội 
260 |b Chính trị Quốc gia 
260 |c 2004 
650 |a Vietnam 
650 |x History 
904 |i Mai Loan (Nguyên sửa) 
980 |a Trung tâm Học liệu Trường Đại học Cần Thơ